UNDERSTANDING PSYCHOLOGY (Record no. 22882)

MARC details
000 -LEADER
fixed length control field 00340nam a22001577a 4500
003 - CONTROL NUMBER IDENTIFIER
control field SGT
020 ## - INTERNATIONAL STANDARD BOOK NUMBER
International Standard Book Number 9789390727995
082 ## - DEWEY DECIMAL CLASSIFICATION NUMBER
Classification number 150,FEL
100 ## - MAIN ENTRY--PERSONAL NAME
Personal name FELDMAN,ROBERT,S
245 ## - TITLE STATEMENT
Title UNDERSTANDING PSYCHOLOGY
250 ## - EDITION STATEMENT
Edition statement 15TH
260 ## - PUBLICATION, DISTRIBUTION, ETC. (IMPRINT)
Place of publication, distribution, etc CHENNAI
Name of publisher, distributor, etc MC GRAW HILL
Year of Publication 2021
300 ## - PAGE DESCRIPTION
No. of Pages 604
650 ## - SUBJECT ADDED ENTRY--TOPICAL TERM
Topical term or geographic name as entry element PSYCHOLOGY
942 ## - ADDED ENTRY ELEMENTS (KOHA)
Source of classification or shelving scheme Dewey Decimal Classification
Koha item type Books
942 ## - ADDED ENTRY ELEMENTS (KOHA)
-- 22
Holdings
Withdrawn status Lost status Source of classification or shelving scheme Damaged status Not for loan Collection code Home library Current library Shelving location Date acquired Vendor Name Cost, normal purchase price SGTU Bill Number Total Checkouts Full call number Accession No. (Barcode) Date last seen Date last borrowed Bill Date Koha item type Use restrictions
    Dewey Decimal Classification     ENGINEERING SGT Engineering Library SGT Engineering Library Text Book 20/06/2022 AHUJA BOOK COMPANY PVT.LTD 1150.00 SGTU 14478 21 150,FEL FE8419 10/02/2026 10/02/2026 19/05/2022 Books  
    Dewey Decimal Classification     ENGINEERING SGT Engineering Library SGT Engineering Library Text Book 20/06/2022 AHUJA BOOK COMPANY PVT.LTD 1150.00 SGTU 14478 9 150,FEL FE8420 18/02/2026 09/12/2025 19/05/2022 Books  
    Dewey Decimal Classification   Not For Loan ENGINEERING SGT Engineering Library SGT Engineering Library Reference Book 20/06/2022 AHUJA BOOK COMPANY PVT.LTD 1150.00 SGTU 14478   150,FEL FE8421 20/06/2022   19/05/2022 Books Restricted Access